| 000 | 00389cam a22001097a 4500 | ||
|---|---|---|---|
| 008 | 180718b1951 xxu||||| |||| 00| 0 eng d | ||
| 082 | _aP065x54 1949 | ||
| 245 |
_aEducational costing statistics India: 1949 _cby Bureau of Education, Ministry of Education |
||
| 260 |
_aDelhi _bThe Manager of Publications _c1951 |
||
| 300 | _a124p. | ||
| 700 | _aIndia. Ministry of Education. Bureau of Education | ||
| 999 |
_c494464 _d494464 |
||